[Event "Vecindario Montalvo Memorial 16th"]
[Site "Vecindario"]
[Date "2024.03.27"]
[Round "5"]
[White "Estremera Panos, Sergio"]
[Black "Martin Ramos, Daniel"]
[Result "1/2-1/2"]
[WhiteElo "2233"]
[BlackElo "1961"]
[PlyCount "47"]
[EventDate "2024.03.23"]
[EventType "swiss"]
[EventRounds "9"]
[EventCountry "ESP"]
[SourceTitle "CB15_2024"]
[SourceDate "2024.04.10"]
[SourceVersion "1"]
[SourceVersionDate "2024.04.10"]
[SourceQuality "1"]

1. d4 Nf6 2. c4 e6 3. Nc3 Bb4 4. e3 0-0 5. Bd2 d5 6. Nf3 c5 7. a3 Bxc3 8. Bxc3 Ne4 9. Rc1 Nxc3 10. Rxc3 cxd4 11. Nxd4 dxc4 12. Bxc4 e5 13. Nb5 Qxd1+ 14. Kxd1 Nc6 15. Ke2 Rd8 16. Rd1 Rxd1 17. Kxd1 Bf5 18. Ke1 Rd8 19. Rc1 Kf8 20. Rd1 Rxd1+ 21. Kxd1 Ke7 22. Bd5 Bd7 23. Kd2 a6 24. Nc3 1/2-1/2

[Event "La Palma Island op"]
[Site "Santa Cruz de La Palma"]
[Date "2023.08.08"]
[Round "5"]
[White "Bressac, Stephane"]
[Black "Martin Ramos, Daniel"]
[Result "1-0"]
[WhiteElo "2389"]
[BlackElo "1876"]
[PlyCount "101"]
[EventDate "2023.08.05"]
[EventType "swiss"]
[EventRounds "9"]
[EventCountry "ESP"]
[SourceTitle "CBM 215 Extra"]
[Source "ChessBase"]
[SourceDate "2023.09.30"]
[SourceVersion "1"]
[SourceVersionDate "2023.09.30"]
[SourceQuality "1"]

1. e4 e5 2. Nf3 Nc6 3. d4 exd4 4. Nxd4 Nf6 5. Nxc6 bxc6 6. e5 Qe7 7. Qe2 Nd5 8. c4 Ba6 9. Qe4 Nf6 10. Qe2 Nd5 11. Nd2 g6 12. Nf3 Bg7 13. Bg5 Qb4+ 14. Qd2 Qxd2+ 15. Kxd2 Nb6 16. b3 0-0 17. Re1 Rfe8 18. Bd3 d6 19. c5 Bxd3 20. cxb6 Bf5 21. exd6 Rxe1 22. Rxe1 axb6 23. dxc7 Rxa2+ 24. Ke3 h6 25. Bf4 Rb2 26. Rd1 Rxb3+ 27. Ke2 Rb2+ 28. Kf1 g5 29. Be5 Rb4 30. Rd8+ Kh7 31. Bxg7 Kxg7 32. Nd4 Bd3+ 33. Ke1 Ba6 34. Nxc6 Rc4 35. c8Q Bxc8 36. Rxc8 Rc1+ 37. Kd2 Rh1 38. g3 Rxh2 39. Ke3 h5 40. Rb8 h4 41. gxh4 gxh4 42. Rxb6 Rh1 43. Nd4 f6 44. Kf3 h3 45. Nf5+ Kg6 46. Ng3 Ra1 47. Rb8 Ra3+ 48. Kg4 f5+ 49. Nxf5 h2 50. Rb6+ Kf7 51. Rh6 1-0

[Event "Canarias-ch U18"]
[Site "Brena Baja"]
[Date "2022.06.03"]
[Round "5"]
[White "Martin Ramos, Daniel"]
[Black "Nordgreen, Jan Thomas"]
[Result "0-1"]
[WhiteElo "1562"]
[BlackElo "1604"]
[PlyCount "59"]
[EventDate "2022.06.01"]
[EventType "swiss"]
[EventRounds "6"]
[EventCountry "ESP"]
[SourceTitle "CBM 208 Extra"]
[Source "ChessBase"]
[SourceDate "2022.07.31"]
[SourceVersion "1"]
[SourceVersionDate "2022.07.31"]
[SourceQuality "1"]

1. e4 c5 2. Nf3 a6 3. c4 Nc6 4. d4 cxd4 5. Nxd4 d6 6. Nc3 g6 7. Be3 Bg7 8. Be2 Nf6 9. Qd2 h5 10. f3 Bd7 11. 0-0 0-0 12. Rab1 Rc8 13. Rfc1 Ne8 14. Nd5 e6 15. Nc3 Nxd4 16. Bxd4 e5 17. Be3 Be6 18. Nd5 f5 19. Bg5 Bf6 20. Nxf6+ Nxf6 21. Qb4 fxe4 22. fxe4 Qc7 23. Bxf6 Rxf6 24. b3 a5 25. Qd2 Qc5+ 26. Kh1 Rf4 27. Bf3 h4 28. Rd1 Rd8 29. Rf1 Qc8 30. h3 0-1